| 000 | 01466nam0a2200361 4500 | ||
|---|---|---|---|
| 001 | RU\NLR\BIBL_A\022194900 | ||
| 005 | 20260409080645.0 | ||
| 010 |
_z5-93943-034-1 _91000 |
||
| 035 | _a(NLR Aleph) 022194900 | ||
| 090 |
_a13321369 _c13321369 |
||
| 100 | _a20240411d2002 |||y0rusy50 ca | ||
| 101 | 0 |
_arus _agol |
|
| 102 | _aRU | ||
| 105 | _aab w 000yy | ||
| 181 | 0 |
_ai3 _baxxe |
|
| 182 | 0 | _an | |
| 200 | 1 |
_aЛука улэн мэдэни _eнанай хэсэдиэни туӈсэрэн |
|
| 203 |
_aТекст _bвизуальный _cнепосредственный |
||
| 210 |
_aМосква _cБиблиява туӈсэрэй институт _d2002 |
||
| 215 |
_a92, [4] с. _cил., карты _d20 |
||
| 300 | _aНа обороте тит. с. загл. также на рус. яз.: Евангелие от Луки на нанайском языке | ||
| 300 | _aТекст на нанайском яз. | ||
| 500 |
_8rus _aБиблия _iН.З _iЕвангелие от Луки _7ca _3RU\NLR\AUTH\553149 _92631085 |
||
| 517 | 1 |
_aЕвагелие от Луки на нанайском языке _zrus |
|
| 541 | 1 | _aЕвангелие от Луки | |
| 605 |
_aБиблия _iНовый Завет _iЕвангелие от Луки _92079121 _3RU\NLR\AUTH\661254994 |
||
| 686 | 1 | _aЭ37-200.112 | |
| 852 |
_aNLR _bОНЛ _jНанай./2-51 |
||
| 942 | _cBOOK | ||
| 980 | _aNB | ||